000
00338nam a2200145Ia 4500
008
230718s9999 xx 000 0 und d
041
_a
Eng.
082
_a
347.02
_b
HUS-P
100
_a
Hussain Rizwi
245
0
_a
Pleading and Genergami
260
_a
Pakistan
_b
mansoor book house
_c
2017
300
_a
524
650
_a
Law
999
_c
31795
_d
31795